Nineteen Eighty-Four Quiz Stats

 Plays Quiz Updated Jan 31, 2012

Score 0/28 Timer 05:00
1 Play Today
Hint Answer % Correct
Who is watching you?Big Brother
89.6%
Author of 1984George Orwell
80.8%
Two and two make . . . Five
71.5%
Protagonist's nameWinston Smith
63.7%
War is . . . Peace
60.9%
Superpower that the protagonist lives inOceania
53.1%
The official languageNewspeak
52.9%
Department that specializes in liesThe Ministry of Truth
52.8%
We had always been at war with...Eurasia
50.9%
Department that specializes in warThe Ministry of Peace
50.3%
Freedom is . . . Slavery
46%
They kidnap you in the middle of the night for thoughtcrimeThe Thought Police
45.3%
Makes up 85% of the populationproles
45%
Department that specializes in tortureThe Ministry of Love
43.9%
Hint Answer % Correct
Love interest of the ProtagonistJulia
41.8%
Where you face your greatest fearRoom 101
41.7%
We had always been at war with...Eastasia
35.5%
Department that specializes in starvationThe Ministry of Plenty
34.3%
It is in every party members home, purveying propoganda & surveillancetelescreen
32.4%
Member of the Inner Party who snares the protagonistO'Brien
27.3%
Enemy of the people, leader of the BrotherhoodEmmanuel Goldstein
27.1%
Daily screaming frenzy at 1100Two Minutes Hate
25.6%
'Reality Control' or the Party's system of thoughtDoublethink
24.7%
Ignorance is . . . Strength
22.6%
God is . . .Power
15.2%
Where you put documents when they are ready for destructionmemory hole
13.4%
Youth organization known for training kids to report their parents for thought crimeJunior Spies
11.1%
Proprietor of the antique shopMr. Charrington
7.9%

You're not logged in!

Compare scores with friends on all Sporcle quizzes.
OR
Log In

Sporcle TV

Today on Sporcle TV


Watch our educational content, quiz creation guides, and fun videos on Sporcle TV.

Show Comments

Extras

Top Quizzes Today


Score Distribution

Your Account Isn't Verified!

In order to create a playlist on Sporcle, you need to verify the email address you used during registration. Go to your Sporcle Settings to finish the process.

Report this User

Report this user for behavior that violates our Community Guidelines.

Details: